All Michigan Cities By Letter - H - Statistics

General Stats
  • This quiz has been taken 11 times
  • The average score is 14 of 30
Answer Stats
Population County City/Village % Correct
7,754 Houghton Houghton
100%
33,216 Ottawa/Allegan Holland
88%
4,506 Houghton Hancock
63%
2,073 Clare Harrison
63%
2,068 Oceana Hart
63%
10,775 Wayne Highland Park
63%
8,003 Hillsdale Hillsdale
63%
9,604 Livingston Howell
63%
2,210 Lenawee Hudson
63%
7,348 Ottawa Hudsonville
63%
6,265 Oakland Huntington Woods
63%
21,599 Wayne Hamtramck
50%
13,746 Wayne Harper Woods
50%
7,310 Barry Hastings
50%
6,149 Oakland Holly
50%
427 Jackson Hanover
38%
1,587 Huron Harbor Beach
38%
1,205 Emmet Harbor Springs
38%
467 Alcona Harrisville
38%
2,592 Van Buren Hartford
38%
16,347 Oakland Hazel Park
38%
929 Newaygo/Oceana Hesperia
38%
1,645 Calhoun Homer
38%
607 Allegan Hopkins
38%
146 Wexford Harrietta
25%
346 Osceola Hersey
25%
669 Montmorency/Alpena Hillman
25%
331 Benzie Honor
25%
1,830 Montcalm Howard City
25%
400 Ionia/Clinton Hubbardston
25%
No matching quizzes found
Score Distribution
Percent of People with Each Score
Percentile by Number Answered
Your Score History
You have not taken this quiz